| 000 | 00419nam a2200121Ia 4500 | ||
|---|---|---|---|
| 008 | 160523s9999 xx 000 0 und d | ||
| 100 | _aBarello, Serena. | ||
| 245 | _aPatient Engagement. A Consumer-Centered Model to Innovate Healthcare | ||
| 245 | _cSerena Barello, Graffigna, Guendalina, Triberti, Stefano. | ||
| 260 | _c2015 | ||
| 650 | _xPsychology. | ||
| 856 | _uhttp://www.degruyter.com/viewbooktoc/product/466090 | ||
| 999 |
_c294784 _d294784 |
||